000 00441nam a2200181Ia 4500
005 20240823023609.0
008 240823s9999||||xx |||||||||||||| ||und||
041 _aENGLISH
082 _A005.133 N2
100 _aRajaraman V
245 0 _aComputer Programming in Pascal
250 _a1st
260 _c1992
_b"PHI,New Delhi"
500 _aTransfered
650 _aProgramming
_bInformation Technology
942 _cBK
999 _c181925
_d181925